Normal view
MARC view
- Budget
Entry Topical Term
001 - CONTROL NUMBER
- control field: 4167
003 - CONTROL NUMBER IDENTIFIER
- control field: OSt
005 - DATE AND TIME OF LATEST TRANSACTION
- control field: 20170512162656.0
008 - FIXED-LENGTH DATA ELEMENTS
- fixed length control field: 170512|| aca||aabn | a|a d
040 ## - CATALOGING SOURCE
- Original cataloging agency: OSt
- Transcribing agency: OSt
150 ## - HEADING--TOPICAL TERM
- Topical term or geographic name entry element: Budget
670 ## - SOURCE DATA FOUND
- Source citation: Work cat.: (OSt)0: Xavier, John Anthony 4165, Budgeting for performance :, 2001

PORTAL AKMAL
E-MEL JKDM
AKMAL2U
G-BAM
u-PUSTAKA